[Event "Open Tournament for All"]
[Site "SchemingMind.com"]
[Date "2007.04.04"]
[Round "-"]
[White "keen"]
[Black "fishofchaos"]
[Result "1-0"]
[WhiteCountry "SCO"]
[BlackCountry "ENG"]
[WhiteElo "1730"]
[WhiteRD "57"]
[BlackElo "1681"]
[BlackRD "55"]
[GameID "99635"]

1. g3 d5 2. Bg2 Nf6 3. Nf3 c6 4. O-O Bg4 5. d3 Nbd7 6. Nbd2 e5 7. c3 Bd6 8. Nb3 O-O 9. Qc2 c5 10. e3 b6
11. Re1 Rc8 12. Bd2 h6 13. e4 d4 14. c4 a5 15. a4 Qe7 16. Qc1 Nh7 17. Nh4 g5 18. Nf5 Bxf5 19. exf5 Ndf6 20. h4 gxh4
21. Bxh6 Rfe8 22. Bg5 hxg3 23. fxg3 Kh8 24. Bh4 Qf8 25. Bg5 Nxg5 26. Qxg5 Qg7 27. Qxg7+ Kxg7 28. Nd2 e4 29. Bxe4 Bxg3 30. Re2 Bf4
31. Rg2+ Kf8 32. Re1 Nxe4 33. Nxe4 Be3+ 34. Kf1 Ke7 35. Ke2 Rg8 36. Rh2 Rh8 37. Reh1 Rxh2+ 38. Rxh2 Rg8 39. b3 Rg1 40. Nd2 Kf6
41. Rh7 Rg5 42. Ne4+ Kxf5 43. Nxg5
1-0

[Event "Open Tournament for All"]
[Site "SchemingMind.com"]
[Date "2007.04.03"]
[Round "-"]
[White "lacus66"]
[Black "fishofchaos"]
[Result "1-0"]
[WhiteCountry "HUN"]
[BlackCountry "ENG"]
[WhiteElo "1700"]
[WhiteRD "67"]
[BlackElo "1681"]
[BlackRD "55"]
[GameID "99636"]

1. d4 d5 2. e4 dxe4 3. Nc3 Nf6 4. f3 exf3 5. Nxf3 g6 6. Bg5 Bg7 7. Ne5 Nbd7 8. Nf3 O-O 9. Bc4 Nb6 10. Bb3 Bg4
11. O-O a5 12. a4 h6 13. Bxf6 Bxf6 14. Qd3 e6 15. Ne2 Qe7 16. c3 Nd5 17. c4 Nb4 18. Qe4 Bxf3 19. Rxf3 b6 20. Nf4 Kh7
21. Rg3 Rg8 22. Ne2 Rg7 23. Qxa8
1-0

[Event "Open Tournament for All"]
[Site "SchemingMind.com"]
[Date "2007.04.03"]
[Round "-"]
[White "Efren ramos"]
[Black "fishofchaos"]
[Result "1-0"]
[WhiteCountry "NCA"]
[BlackCountry "ENG"]
[WhiteElo "1923"]
[WhiteRD "82"]
[BlackElo "1698"]
[BlackRD "58"]
[GameID "99637"]

1. d4 d5 2. c4 e6 3. Nf3 Nf6 4. g3 Be7 5. Bg2 O-O 6. O-O dxc4 7. Qc2 a6 8. Qxc4 b5 9. Qc2 Bb7 10. Bd2 Nc6
11. Rc1 Rc8 12. Nc3 Nxd4 13. Nxd4 Bxg2 14. Nxe6 fxe6 15. Kxg2 c5 16. Rd1 b4 17. Na4 Qc7 18. b3 Rcd8 19. f3 Nd5 20. e4 Nb6
21. Bxb4 Nxa4 22. bxa4 a5 23. Bc3 Rxd1 24. Rxd1 Rd8 25. Rd2 Rxd2+ 26. Qxd2 Qc6 27. Qd1 Qa6 28. Kf2 Qc4 29. Qb3 Qd3 30. Qxe6+ Kf8
31. Bxg7+ Kxg7 32. Qxe7+ Kg6 33. Qxc5 Qd2+ 34. Kg1 Qe1+ 35. Kg2 Qe2+ 36. Qf2 Qc4 37. Qb6+ Kg7 38. Qb2+ Kg6 39. Qb3 Qe2+ 40. Kh3 h5
41. Qb6+ Kg7 42. Qxa5 Qxf3 43. Qg5+ Kf8 44. Qf5+
1-0

[Event "Open Tournament for All"]
[Site "SchemingMind.com"]
[Date "2007.04.03"]
[Round "-"]
[White "kobby"]
[Black "fishofchaos"]
[Result "0-1"]
[WhiteCountry "ENG"]
[BlackCountry "ENG"]
[WhiteElo "1547"]
[WhiteRD "66"]
[BlackElo "1681"]
[BlackRD "55"]
[GameID "99638"]

1. d4 d5 2. h3 Nf6 3. Bg5 Bf5 4. Bxf6 exf6 5. e3 Be7 6. c4 c6 7. cxd5 cxd5 8. a3 O-O 9. Nc3 a6 10. Nf3 Nc6
11. b4 b5 12. Qb3 Be6 13. Bd3 Rc8 14. O-O Qd7 15. Rfd1 Bd6 16. Nxd5 Bxd5 17. Qc2 g6 18. Qe2 f5 19. h4 h5 20. Rac1 Rfe8
21. Rc3 Nxd4 22. Nxd4 Rxc3 23. Qb2 Rc7 24. Be2 Rec8 25. Nxb5 Rc2 26. Qd4 Rxe2 27. Nc3 Bb3 28. Rb1 Bh2+ 29. Kxh2 Qxd4 30. exd4 Rxc3
31. f3 Bd5 32. Kg3 Rxa3
0-1

[Event "Open Tournament for All"]
[Site "SchemingMind.com"]
[Date "2007.04.04"]
[Round "-"]
[White "Lazaro"]
[Black "fishofchaos"]
[Result "1/2-1/2"]
[WhiteCountry "CUB"]
[BlackCountry "ENG"]
[WhiteElo "1849"]
[WhiteRD "82"]
[BlackElo "1714"]
[BlackRD "63"]
[GameID "99639"]

1. e4 c5 2. Nf3 Nc6 3. d4 cxd4 4. Nxd4 e6 5. Nb5 d6 6. Bf4 e5 7. Be3 Nf6 8. N1c3 a6 9. Na3 b5 10. Nd5 Rb8
11. f3=
1/2-1/2

[Event "Open Tournament for All"]
[Site "SchemingMind.com"]
[Date "2007.04.04"]
[Round "-"]
[White "ajedrez perfecto"]
[Black "fishofchaos"]
[Result "1-0"]
[WhiteCountry "BAH"]
[BlackCountry "ENG"]
[WhiteElo "2088"]
[WhiteRD "98"]
[BlackElo "1714"]
[BlackRD "63"]
[GameID "99640"]

1. d4 d5 2. c4 c6 3. cxd5 cxd5 4. Nc3 Nf6 5. Bg5 e6 6. Nf3 Be7 7. e3 O-O 8. Bd3 Nc6 9. O-O h6 10. Bxf6 Bxf6
11. Rc1 a6 12. a3 b5 13. Nxb5 axb5 14. Rxc6 Ba6 15. Qc2 Rc8 16. Rc1 Rxc6 17. Qxc6 Qc8 18. Qxc8 Rxc8 19. Rxc8+ Bxc8 20. Bxb5 Kf8
21. a4 Bd8 22. Ne5 Ke7 23. a5 f6 24. Nc6+ Kd7 25. Nxd8+ Kxd8 26. Be2 Kc7 27. b4 Kb7 28. f4 Kc6 29. b5+ Kd6 30. Bd3 f5
31. Bc2 Kc7 32. Kf2 Bd7 33. Bd3 Kb7 34. Ke2
1-0

[Event "Open Tournament for All"]
[Site "SchemingMind.com"]
[Date "2007.04.03"]
[Round "-"]
[White "ekulrac"]
[Black "faulty"]
[Result "0-1"]
[WhiteCountry "SCO"]
[BlackCountry "USA"]
[WhiteElo "1710"]
[WhiteRD "52"]
[BlackElo "1913"]
[BlackRD "69"]
[GameID "99649"]

1. e4 e5 2. Nf3 Nc6 3. Bb5 a6 4. Bxc6 dxc6 5. O-O f6 6. d3 Ne7 7. Be3 Ng6 8. Nbd2 Bd6 9. d4 exd4 10. Nxd4 O-O
11. f4 c5 12. Ne2 Qe7 13. Nc4 Rd8 14. Qe1 Qxe4 15. Nxd6 Qxe3+ 16. Kh1 cxd6 17. Nc3 Qxe1 18. Raxe1 Bd7 19. f5 Ne5 20. Nd5 b5
0-1

[Event "Open Tournament for All"]
[Site "SchemingMind.com"]
[Date "2007.04.03"]
[Round "-"]
[White "ekulrac"]
[Black "Zugzwang"]
[Result "0-1"]
[WhiteCountry "SCO"]
[BlackCountry "CAN"]
[WhiteElo "1520"]
[WhiteRD "63"]
[BlackElo "1435"]
[BlackRD "68"]
[GameID "99650"]

1. e4 e5 2. Nf3 Nf6 3. Nxe5 d6 4. Nf3 Nxe4 5. d3 Nf6 6. Nc3 d5 7. Bg5 Be7 8. Be2 O-O 9. O-O c5 10. d4 c4
11. Ne5 Nbd7 12. f4 Qb6 13. Nxd7 Bxd7 14. Rb1 Rfe8 15. Kh1 h6 16. Bxf6 Bxf6 17. Nxd5 Qc6 18. Bf3 Qd6 19. Nxf6+ Qxf6 20. c3 Rab8
21. Bd5 Be6 22. Qf3 Bxd5 23. Qxd5 b5 24. f5 Re2 25. Rfe1 Rf2 26. Qe5 Qxe5 27. Rxe5 a6 28. Kg1 Rd2 29. Kf1 Rb6 30. Re2 Rxe2
31. Kxe2 Rf6 32. Rf1 h5 33. h3 Kf8 34. g4 g5 35. Ke3 hxg4 36. hxg4 Ke7 37. Rh1 Kd6
0-1

[Event "Open Tournament for All"]
[Site "SchemingMind.com"]
[Date "2007.04.03"]
[Round "-"]
[White "ekulrac"]
[Black "keen"]
[Result "1/2-1/2"]
[WhiteCountry "SCO"]
[BlackCountry "SCO"]
[WhiteElo "1710"]
[WhiteRD "52"]
[BlackElo "1730"]
[BlackRD "57"]
[GameID "99651"]

1. e4 d5 2. exd5 Qxd5 3. Nf3 Bg4 4. Be2 Nf6 5. Nc3 Qa5 6. O-O e6 7. d4 c6 8. h3 Bh5 9. Bf4 Bb4 10. a3 Bxc3
11. bxc3 Bxf3 12. Bxf3 Qxc3 13. Bd6 Nd5 14. Be2 Nd7 15. Rb1 b5 16. Bf3 N7b6 17. Re1 Nc4 18. Bb4 Nxb4 19. axb4 Nb2 20. Rxb2 Qxb2
21. Bxc6+ Ke7 22. Bxa8 Rxa8 23. d5 Rd8 24. Qd2 Kf8 25. d6 Rd7 26. Qf4 Qa2 27. Qe4 Qd5 28. Qxh7 Qxd6 29. Qh8+ Ke7 30. Qxg7 Qxb4
31. Qg5+ Ke8 32. Qe5 a5 33. Qh8+ Ke7 34. c3 Qc4 35. Qe5 Rd3 36. Qg5+ Kd7 37. Qg7 Ke7 38. Qg5+ Kf8 39. Qh6+=
1/2-1/2

[Event "Open Tournament for All"]
[Site "SchemingMind.com"]
[Date "2007.04.04"]
[Round "-"]
[White "ekulrac"]
[Black "lacus66"]
[Result "0-1"]
[WhiteCountry "SCO"]
[BlackCountry "HUN"]
[WhiteElo "1520"]
[WhiteRD "63"]
[BlackElo "1808"]
[BlackRD "73"]
[GameID "99652"]

1. e4 e6 2. d4 d5 3. exd5 exd5 4. Nf3 Bg4 5. h3 Bh5 6. Be2 Bxf3 7. Bxf3 Nc6 8. O-O Nf6 9. Bf4 Bd6 10. Re1+ Be7
11. Nc3 Nb4 12. Qe2 a6 13. Bg5 Kf8 14. a3 Nc6 15. Rad1 Ng8 16. Bxe7+ Ncxe7 17. Na4 Nf6 18. c4 Qd6 19. c5 Qd7 20. Nc3 Re8
21. Qd3 c6 22. Re2 g6 23. Rde1 Nfg8 24. Qe3 h6 25. Qf4 Rh7 26. Qd6 Rd8 27. Qe5 f6 28. Qe6 Nf5 29. Qxd7 Rdxd7 30. Bg4 Nge7
31. h4 h5 32. Bh3 Rc7 33. Rd2 Nxh4 34. Na4 Nef5 35. Nb6 Rhe7 36. Kf1 Rxe1+ 37. Kxe1 g5 38. Bxf5 Nxf5 39. Ke2 Re7+ 40. Kd3 Re4
41. Kc3 Ke8 42. f3 Re3+ 43. Kc2 Ng3 44. Nc8 Kd8 45. Nd6 Kc7 46. b4 Rxa3 47. Kb2 Re3 48. Kc2 Re2 49. Kd3 Rxd2+ 50. Kxd2 f5
51. Nf7 g4 52. Ke3 h4 53. fxg4 fxg4 54. Ne5 Nf5+ 55. Kd3 Nh6 56. Ke3 h3 57. gxh3 gxh3
0-1

[Event "Open Tournament for All"]
[Site "SchemingMind.com"]
[Date "2007.04.03"]
[Round "-"]
[White "ekulrac"]
[Black "Efren ramos"]
[Result "0-1"]
[WhiteCountry "SCO"]
[BlackCountry "NCA"]
[WhiteElo "1520"]
[WhiteRD "63"]
[BlackElo "1907"]
[BlackRD "78"]
[GameID "99653"]

1. e4 c5 2. Nf3 Nc6 3. Bc4 e6 4. Nc3 a6 5. a4 Nf6 6. O-O Qc7 7. d3 Be7 8. h3 h6 9. Be3 d6 10. Qd2 Bd7
11. Rfd1 g5 12. g3 O-O-O 13. d4 cxd4 14. Nxd4 Ne5 15. Bd3 Bc6 16. Ncb5 Qb8 17. Na7+ Qxa7 18. Nxc6 bxc6 19. Kg2 c5 20. b4 d5
21. exd5 Nxd3 22. cxd3 Nxd5 23. Rac1 Qb7 24. Kg1 Nxe3 25. Qxe3 Qxb4 26. Qf3 Qb7
0-1

[Event "Open Tournament for All"]
[Site "SchemingMind.com"]
[Date "2007.04.03"]
[Round "-"]
[White "ekulrac"]
[Black "kobby"]
[Result "1-0"]
[WhiteCountry "SCO"]
[BlackCountry "ENG"]
[WhiteElo "1710"]
[WhiteRD "52"]
[BlackElo "1547"]
[BlackRD "66"]
[GameID "99654"]

1. e4 d5 2. exd5 Qxd5 3. Nf3 Bg4 4. Be2 e6 5. Nc3 Qd8 6. d4 Bb4 7. O-O Bxc3 8. bxc3 h6 9. Ne5 Bf5 10. f4 Ne7
11. Bd3 O-O 12. g4 Bh7 13. f5 exf5 14. gxf5 f6 15. Bc4+ Nd5 16. Ng6 Re8 17. Qf3 c6 18. Bd2 b5 19. Bd3 Na6 20. a3 Qd6
21. a4 b4 22. Bxa6 bxc3 23. Bc1 Nb4 24. Bc4+ Nd5 25. Ba3 Qd7 26. Rfe1 Bxg6 27. fxg6 Kh8 28. Qg3 Nb6 29. Bf7 Qxd4+ 30. Kh1 Re5
31. Red1 Qe4+ 32. Qg2 Qxg2+ 33. Kxg2 Re2+ 34. Kg3 Rxc2 35. Rd6 Re2 36. Rad1 Nd5 37. Bxd5 cxd5 38. R1xd5 Ree8 39. Rd7 Rec8 40. Bc5 c2
41. Be3 Kg8 42. Kf2 Kf8 43. Bc1 a6 44. Rf7+ Kg8 45. Rdd7 Rd8 46. Rxg7+ Kh8 47. Rh7+ Kg8 48. Rdg7+ Kf8 49. Ba3+ Ke8 50. Rh8#
1-0

[Event "Open Tournament for All"]
[Site "SchemingMind.com"]
[Date "2007.04.03"]
[Round "-"]
[White "ekulrac"]
[Black "fishofchaos"]
[Result "1-0"]
[WhiteCountry "SCO"]
[BlackCountry "ENG"]
[WhiteElo "1710"]
[WhiteRD "52"]
[BlackElo "1681"]
[BlackRD "55"]
[GameID "99655"]

1. e4 c5 2. Nf3 d6 3. Bb5+ Bd7 4. a4 Nc6 5. Nc3 g6 6. O-O Bg7 7. d3 e6 8. Re1 Nge7 9. Be3 O-O 10. Qd2 a6
11. Bc4 Nd4 12. Bxd4 cxd4 13. Ne2 e5 14. h4 Bg4 15. Nh2 Be6 16. Bxe6 fxe6 17. Ng4 h5 18. Nh2 Rc8 19. Nf3 Kh7 20. Ng5+ Kg8
21. Nxe6 Qd7 22. Nxf8 Bxf8 23. c4 Nc6 24. b4 Be7 25. b5 Nd8 26. Qh6 Qe6 27. g3 Nf7 28. Qd2 Rf8 29. bxa6 bxa6 30. Kh2 Rb8
31. Rab1 Rxb1 32. Rxb1 Qg4 33. Ng1 g5 34. Qe2 gxh4 35. Qxg4+ hxg4 36. Rb6 hxg3+ 37. Kxg3
1-0

[Event "Open Tournament for All"]
[Site "SchemingMind.com"]
[Date "2007.04.03"]
[Round "-"]
[White "ekulrac"]
[Black "ajedrez perfecto"]
[Result "0-1"]
[WhiteCountry "SCO"]
[BlackCountry "BAH"]
[WhiteElo "1520"]
[WhiteRD "63"]
[BlackElo "2102"]
[BlackRD "100"]
[GameID "99657"]

1. e4 e5 2. Nf3 Nc6 3. Bb5 a6 4. Bxc6 dxc6 5. O-O Bg4 6. d3 Bc5 7. Be3 Bxe3 8. fxe3 f6 9. c3 Qd7 10. d4 O-O-O
11. Nbd2 Nh6 12. b4 Nf7 13. a4 Ng5= 14. Qb3 Bxf3 15. gxf3 Rhe8 16. b5 cxb5 17. d5 Rf8 18. axb5 Qxb5 19. c4 Qxb3 20. Nxb3 Rfe8
21. c5 Kd7 22. h4 Nf7 23. Na5 b6 24. Nb7 Ra8 25. c6+ Ke7 26. f4 a5 27. Ra4 Rg8
0-1

[Event "Open Tournament for All"]
[Site "SchemingMind.com"]
[Date "2007.04.03"]
[Round "-"]
[White "faulty"]
[Black "ekulrac"]
[Result "1-0"]
[WhiteCountry "USA"]
[BlackCountry "SCO"]
[WhiteElo "1913"]
[WhiteRD "69"]
[BlackElo "1710"]
[BlackRD "52"]
[GameID "99658"]

1. e4 Nc6 2. d4 e5 3. d5 Nce7 4. c4 Ng6 5. Nf3 Bb4+ 6. Bd2 Bxd2+ 7. Nbxd2 d6 8. g3 Nf6 9. Bg2 O-O 10. O-O Bd7
11. h3 Qc8 12. Kh2 Ne8 13. Ng1 f5 14. h4 f4 15. h5 Nh8 16. Bh3 g5 17. hxg6 hxg6 18. Bxd7 Qxd7 19. Nh3 Rf7 20. Kg2 Rh7
21. Rh1 fxg3 22. fxg3 Rh5 23. Nf2 Nf6 24. Qe2 Rg5 25. Nf3 Rh5 26. Rxh5 Nxh5 27. Ng5 Nf7 28. Ne6 c6 29. Qg4 Kh7 30. Ng5+ Nxg5
31. Qxd7+
1-0

[Event "Open Tournament for All"]
[Site "SchemingMind.com"]
[Date "2007.04.03"]
[Round "-"]
[White "Zugzwang"]
[Black "ekulrac"]
[Result "0-1"]
[WhiteCountry "CAN"]
[BlackCountry "SCO"]
[WhiteElo "1444"]
[WhiteRD "60"]
[BlackElo "1710"]
[BlackRD "52"]
[GameID "99659"]

1. d4 e5 2. dxe5 Nc6 3. Nf3 Nge7 4. Bg5 h6 5. Bxe7 Qxe7 6. Nc3 Nxe5 7. Nxe5 Qxe5 8. e3 Bb4 9. Qd3 Bxc3+ 10. Qxc3 Qxc3+
11. bxc3 d6 12. Bc4 O-O 13. O-O Bf5 14. Bd3 Be6 15. a3 a5 16. Rfb1 b6 17. Be4 d5 18. Bf3 Rad8 19. e4 dxe4 20. Bxe4 Bc4
21. Re1 Rd2 22. Rad1 Rfd8 23. Rxd2 Rxd2 24. h3 c6 25. Bf5 g6 26. Be4 c5 27. g4 b5 28. f4 b4 29. cxb4 cxb4 30. a4 Bd5
31. Bxd5 Rxd5 32. Rc1 Rc5
0-1

[Event "Open Tournament for All"]
[Site "SchemingMind.com"]
[Date "2007.04.04"]
[Round "-"]
[White "keen"]
[Black "ekulrac"]
[Result "1-0"]
[WhiteCountry "SCO"]
[BlackCountry "SCO"]
[WhiteElo "1730"]
[WhiteRD "57"]
[BlackElo "1710"]
[BlackRD "52"]
[GameID "99660"]

1. g3 Nf6 2. Bg2 d5 3. c3 e5 4. d3 Nc6 5. Nf3 Bd7 6. O-O Bd6 7. Nbd2 O-O 8. c4 e4 9. dxe4 dxe4 10. Ng5 e3
11. fxe3 Ng4 12. Nde4 Be5 13. Nf3 Be6 14. Qc2 Qe7 15. Neg5 g6 16. Nxe5 Ncxe5 17. Nxe6 fxe6 18. Bd2 c6 19. Rf4 Qc5 20. Qc3 a5
21. Raf1 Qxc4 22. Rxc4
1-0

[Event "Open Tournament for All"]
[Site "SchemingMind.com"]
[Date "2007.04.04"]
[Round "-"]
[White "lacus66"]
[Black "ekulrac"]
[Result "1-0"]
[WhiteCountry "HUN"]
[BlackCountry "SCO"]
[WhiteElo "1700"]
[WhiteRD "67"]
[BlackElo "1710"]
[BlackRD "52"]
[GameID "99661"]

1. d4 e6 2. e4 d5 3. Nc3 dxe4 4. Nxe4 Nf6 5. Bg5 Be7 6. Bxf6 Bxf6 7. Nf3 O-O 8. Be2 b6 9. O-O Bb7 10. Nxf6+ Qxf6
11. Qd3 Nd7 12. Rfe1 Rfe8 13. c4 Rad8 14. Qe3 c5 15. Rad1 cxd4 16. Nxd4 Nc5 17. b4 Nd7 18. Nb5 Qe7 19. Nd6 Ba8 20. Nxe8 Rxe8
21. Bf3 Bxf3 22. Qxf3 Nf6 23. b5 Rc8 24. Rc1 Qc5 25. Qb7 Ng4 26. Rc2 Rd8 27. h3 Nf6 28. Qxa7 h6 29. a4 Nh5 30. a5 Qf5
31. Qxb6 Rd3 32. Qb8+ Kh7 33. a6 Nf4 34. Qe5
1-0

[Event "Open Tournament for All"]
[Site "SchemingMind.com"]
[Date "2007.04.03"]
[Round "-"]
[White "Efren ramos"]
[Black "ekulrac"]
[Result "1-0"]
[WhiteCountry "NCA"]
[BlackCountry "SCO"]
[WhiteElo "1907"]
[WhiteRD "78"]
[BlackElo "1520"]
[BlackRD "63"]
[GameID "99662"]

1. d4 e6 2. Nf3 d5 3. c4 c5 4. g3 Nf6 5. Bg2 Nc6 6. O-O Be7 7. cxd5 exd5 8. Nc3 O-O 9. Bg5 cxd4 10. Nxd4 h6
11. Bf4 Nh5 12. Nxd5 Nxf4 13. Nxc6 bxc6 14. Nxf4 Qb6 15. Qc2 Bb7 16. Rad1 c5 17. Nd5 Bxd5 18. Rxd5 Rad8 19. Rfd1 Rxd5 20. Rxd5 Rd8
21. Qd2 Rxd5 22. Bxd5 Qd6 23. e4 Qe5 24. Kg2 Bf6 25. b3 Qd4 26. Qxd4 Bxd4 27. f4
1-0

[Event "Open Tournament for All"]
[Site "SchemingMind.com"]
[Date "2007.04.03"]
[Round "-"]
[White "kobby"]
[Black "ekulrac"]
[Result "0-1"]
[WhiteCountry "ENG"]
[BlackCountry "SCO"]
[WhiteElo "1547"]
[WhiteRD "66"]
[BlackElo "1710"]
[BlackRD "52"]
[GameID "99663"]

1. d4 e5 2. dxe5 Nc6 3. Nf3 Nge7 4. e3 Ng6 5. Bb5 Ncxe5 6. Nxe5 Nxe5 7. b3 c6 8. Be2 d5 9. Bb2 Qc7 10. O-O Bd6
11. g3 Bh3 12. Re1 O-O-O 13. Nd2 h5 14. c4 Kb8 15. cxd5 cxd5 16. Bxh5 Qd7 17. Be2 Ng4 18. Bxg7 Rhg8 19. Bf6 Nxf6 20. Rc1 Rde8
21. a4 Qe6 22. Nb1 Bb4 23. Nc3 Ne4 24. Nb5 Nxf2 25. Kxf2 Qxe3#
0-1

[Event "Open Tournament for All"]
[Site "SchemingMind.com"]
[Date "2007.04.03"]
[Round "-"]
[White "fishofchaos"]
[Black "ekulrac"]
[Result "1-0"]
[WhiteCountry "ENG"]
[BlackCountry "SCO"]
[WhiteElo "1681"]
[WhiteRD "55"]
[BlackElo "1710"]
[BlackRD "52"]
[GameID "99664"]

1. d4 e5 2. dxe5 Nc6 3. Nf3 Nge7 4. b3 Ng6 5. Bb2 Qe7 6. g3 Ncxe5 7. Bg2 d6 8. O-O h5 9. h4 c6 10. c4 Bg4
11. Nbd2 O-O-O 12. a4 d5 13. cxd5 Nxf3+ 14. Bxf3 Qd7 15. Qc2 Bxf3 16. Nxf3 Qxd5 17. Rfd1 Qc5 18. Rxd8+ Kxd8 19. Qxc5 Bxc5 20. Bxg7 Rg8
21. Rd1+ Ke7 22. Bc3 f6 23. b4 Bb6 24. a5 Bc7 25. Nd4 Nf4 26. e3 Nd5 27. Nf5+ Ke8 28. Be1 Rg4 29. Rb1 Ne7 30. Nxe7 Kxe7
31. b5 c5 32. f3 Rc4 33. b6 axb6 34. axb6 Be5 35. f4 Bd6 36. Ra1 Kd7 37. Kf2 Kc6 38. Ra8 Kxb6 39. Rh8 Rc2+ 40. Kf3 c4
41. Rxh5 Rc1 42. Bd2 Rc2 43. Ba5+ Kc6 44. Rh8 b5 45. Rh6 Ra2 46. Bc3 b4 47. Bxf6 Kb5 48. Bd4 c3 49. Rxd6 Kc4 50. Ke4 Kb3
51. Rc6 c2 52. Kd3
1-0

[Event "Open Tournament for All"]
[Site "SchemingMind.com"]
[Date "2007.04.04"]
[Round "-"]
[White "Lazaro"]
[Black "ekulrac"]
[Result "1-0"]
[WhiteCountry "CUB"]
[BlackCountry "SCO"]
[WhiteElo "1954"]
[WhiteRD "71"]
[BlackElo "1526"]
[BlackRD "67"]
[GameID "99665"]

1. c4 Nf6 2. d4 g6 3. Nc3 Bg7 4. e4 d6 5. Nf3 O-O 6. Be2 Nbd7 7. e5 dxe5 8. dxe5 Ng4 9. e6 fxe6 10. O-O b6
11. Ng5
1-0

[Event "Open Tournament for All"]
[Site "SchemingMind.com"]
[Date "2007.04.04"]
[Round "-"]
[White "ajedrez perfecto"]
[Black "ekulrac"]
[Result "1-0"]
[WhiteCountry "BAH"]
[BlackCountry "SCO"]
[WhiteElo "2070"]
[WhiteRD "111"]
[BlackElo "1691"]
[BlackRD "58"]
[GameID "99666"]

1. Nf3 d5 2. g3 Nf6 3. Bg2 g6 4. O-O Bg7 5. d4 Nbd7 6. c3 O-O 7. Re1 Ne4 8. Nfd2 f5 9. Nxe4 fxe4 10. Bg5 h6
11. Bf4 c6 12. Qb3 Kh7 13. Nd2 Nf6 14. f3 Nh5 15. Be3 exf3 16. exf3 e5 17. dxe5 Bxe5 18. f4 d4 19. Nf3 dxe3 20. Nxe5 Qd2
21. Kh1 Qd6 22. Rad1 Qe6 23. Qa3 Rf6 24. Rxe3 Ng7 25. Ree1 h5 26. Nxc6 Qf7 27. Re7 Qc4 28. Bd5
1-0